Теоретическая информатика и компьютерные технологии (Запись № 13667923)

Подробности
000 -МАРКЕР
контрольное поле 02610nam0a2200361 4500
001 - ИДЕНТИФИКАТОР ЗАПИСИ
контрольное поле RU\NLR\BIBL_A\022359193
005 - ИДЕНТИФИКАТОР ВЕРСИИ
контрольное поле 20260420020142.0
010 ## - МЕЖДУНАРОДНЫЙ СТАНДАРТНЫЙ НОМЕР КНИГИ (ISBN)
Номер (ISBN) 978-5-7038-6327-5
Тираж 150
021 ## - НОМЕР ГОСУДАРСТВЕННОЙ РЕГИСТРАЦИИ
Код страны Российская Федерация
Номер КН-П-24-052784
Номер Листа государственной регистраци КН-П-24-5251
035 ## - ДРУГИЕ СИСТЕМНЫЕ НОМЕРА
Идентификатор записи (NLR Aleph) 022359193
100 ## - ДАННЫЕ ОБЩЕЙ ОБРАБОТКИ
Данные общей обработки 20241021d2024 k y0rusy50 ca
101 0# - ЯЗЫК РЕСУРСА
Язык текста, звукозаписи и т.д. русский
102 ## - СТРАНА ПУБЛИКАЦИИ ИЛИ ПРОИЗВОДСТВА
Страна публикации Российская Федерация
105 ## - ПОЛЕ КОДИРОВАННЫХ ДАННЫХ: ТЕКСТОВЫЕ МАТЕРИАЛЫ, МОНОГРАФИЧЕСКИЕ
Кодированные данные о монографическом текстовом документе a z 100yy
181 #0 - ПОЛЕ КОДИРОВАННЫХ ДАННЫХ: ВИД СОДЕРЖАНИЯ
Код вида содержания (ISBD) i3
Код характеристики содержания (ISBD) axxe
182 #0 - ПОЛЕ КОДИРОВАННЫХ ДАННЫХ: ТИП СРЕДСТВА
Код типа средства (ISBD) n - непосредственное
200 1# - ЗАГЛАВИЕ И СВЕДЕНИЯ ОБ ОТВЕТСТВЕННОСТИ
Основное заглавие Теоретическая информатика и компьютерные технологии
Сведения, относящиеся к заглавию I научно-практическая конференция (Москва, 1 ноября 2023 года), [проходившая в рамках конгресса МГТУ им. Н. Э. Баумана "Русский инженер", Москва, 30 октября - 3 ноября 2023 года]
-- материалы конференции
Первые сведения об ответственности Федеральное государственное бюджетное образовательное учреждение высшего образования "Московский государственный технический университет имени Н. Э. Баумана (национальный исследовательский университет)"
203 ## - ВИД СОДЕРЖАНИЯ И ТИП СРЕДСТВА
Вид содержания Текст
Дополнительные сведения об издании визуальный
Тип средства непосредственный
210 ## - ПУБЛИКАЦИЯ, РАСПРОСТРАНЕНИЕ И ДР.
Место издания, распространения и т.д. Москва
Имя издателя, распространителя и т. д. Изд-во МГТУ им. Н. Э. Баумана
Дата издания, распространения и т.д. 2024
215 ## - ФИЗИЧЕСКАЯ ХАРАКТЕРИСТИКА
Специфическое обозначение материала и объем 89 с.
Другие сведения о физической характеристике ил.
Размеры 24
320 ## - ПРИМЕЧАНИЯ О НАЛИЧИИ В ДОКУМЕНТЕ БИБЛИОГРАФИИ / УКАЗАТЕЛЯ
Текст примечания Библиогр. в конце ст.
606 1# - НАИМЕНОВАНИЕ ТЕМЫ КАК ПРЕДМЕТ
Наименование темы Информатика
Формальный подзаголовок Съезды, совещания и т.п
Системный номер авторитетной/нормативной записи 2081274
Идентификатор авторитетной/нормативной записи RU\NLR\AUTH\661257251
606 1# - НАИМЕНОВАНИЕ ТЕМЫ КАК ПРЕДМЕТ
Наименование темы Информационные технологии
Формальный подзаголовок Съезды, совещания и т.п
Системный номер авторитетной/нормативной записи 1740175
Идентификатор авторитетной/нормативной записи RU\NLR\AUTH\66778624
686 1# - ИНДЕКСЫ ДРУГИХ КЛАССИФИКАЦИЙ
Индекс З973.233я431
711 12 - НАИМЕНОВАНИЕ ОРГАНИЗАЦИИ - АЛЬТЕРНАТИВНАЯ ОТВЕТСТВЕННОСТЬ
Начальный элемент ввода "Теоретическая информатика и компьютерные технологии", научно-практическая конференция
Порядковый номер временной организации и / или порядковый номер ее части 1
Место проведения временной организации Москва
Дата проведения временной организации 2023
Системный номер авторитетной/нормативной записи 2643344
Идентификатор авторитетной/нормативной записи RU\NLR\AUTH\880617481
711 12 - НАИМЕНОВАНИЕ ОРГАНИЗАЦИИ - АЛЬТЕРНАТИВНАЯ ОТВЕТСТВЕННОСТЬ
Начальный элемент ввода "Русский инженер", конгресс
Место проведения временной организации Москва
Дата проведения временной организации 2023
Системный номер авторитетной/нормативной записи 879662
Идентификатор авторитетной/нормативной записи RU\NLR\AUTH\880607811
712 02 - НАИМЕНОВАНИЕ ОРГАНИЗАЦИИ - ВТОРИЧНАЯ ОТВЕТСТВЕННОСТЬ
Код отношения Издающая организация
Начальный элемент ввода Московский государственный технический университет им. Н. Э. Баумана
Системный номер авторитетной/нормативной записи 399136
Идентификатор авторитетной/нормативной записи RU\NLR\AUTH\889951592
942 ## - ДОПОЛНИТЕЛЬНЫЕ ЭЛЕМЕНТЫ ЗАПИСИ (АБИС)
Тип экземпляра АБИС Книга
980 ## - КОЛЛЕКЦИЯ
Название коллекции Национальная библиография

Нет доступных экземпляров.